| 000 | 00414nam a2200169Ia 4500 | ||
|---|---|---|---|
| 008 | 230524s9999 xx 000 0 und d | ||
| 082 |
_a621.3 _bHAY |
||
| 100 | _aWilliam H.Hayt | ||
| 245 | 0 | _aEngineering Electromagnetics | |
| 250 | _a7TH | ||
| 260 |
_aNEW DELHI _bTMH _c2006 |
||
| 300 | _aXI;567 | ||
| 500 | _aQuantity Number: 10 | ||
| 650 | _aElectrical | ||
| 700 | _a" Jr. , John A.Buck,,," | ||
| 942 | _cBK | ||
| 999 |
_c37030 _d37030 |
||